[Event "Avoine op 21th"]
[Site "Avoine"]
[Date "2006.07.29"]
[Round "8"]
[White "Amram, Roger"]
[Black "Vernois, Adrien"]
[Result "0-1"]
[WhiteElo "1850"]
[BlackElo "2121"]
[PlyCount "62"]
[EventDate "2006.07.22"]
[EventType "swiss"]
[EventRounds "9"]
[EventCountry "FRA"]
[SourceTitle "EXT 2007"]
[Source "ChessBase"]
[SourceDate "2006.11.23"]
[SourceVersion "1"]
[SourceVersionDate "2006.11.23"]
[SourceQuality "1"]

1. e4 c5 2. Nf3 d6 3. Bb5+ Bd7 4. Qe2 Nc6 5. c3 g6 6. 0-0 Bg7 7. Na3 Qc7 8. d4 a6 9. Bxc6 Bxc6 10. Bf4 e5 11. dxe5 dxe5 12. Bg3 b5 13. b3 Ne7 14. Qe3 Bb7 15. Nc2 0-0 16. Nce1 f6 17. Rd1 Qc6 18. Nd3 Qxe4 19. Qxe4 Bxe4 20. Nxc5 Bxf3 21. gxf3 Rfc8 22. b4 a5 23. a3 axb4 24. axb4 Rd8 25. Rd7 Rxd7 26. Nxd7 Nd5 27. Rc1 Rc8 28. Nc5 Bf8 29. f4 Bxc5 30. bxc5 exf4 31. c4 Rxc5 0-1

[Event "Avoine op 20th"]
[Site "Avoine"]
[Date "2005.07.28"]
[Round "6"]
[White "Pailhe, Lionel"]
[Black "Vernois, Adrien"]
[Result "0-1"]
[WhiteElo "2022"]
[BlackElo "2108"]
[PlyCount "48"]
[EventDate "2005.07.23"]
[EventType "swiss"]
[EventRounds "9"]
[EventCountry "FRA"]
[SourceTitle "EXT 2007"]
[Source "ChessBase"]
[SourceDate "2006.11.23"]
[SourceVersion "1"]
[SourceVersionDate "2006.11.23"]
[SourceQuality "1"]

1. e4 c5 2. Nf3 d6 3. d4 cxd4 4. Nxd4 Nf6 5. Nc3 a6 6. f4 e6 7. Be3 Be7 8. Qf3 Qc7 9. 0-0-0 Nc6 10. Rg1 Nxd4 11. Rxd4 b5 12. g4 Bb7 13. g5 Nd7 14. Qh3 Nc5 15. Bg2 Rc8 16. g6 fxg6 17. Bf3 Bf6 18. Rxg6 hxg6 19. Qxh8+ Kf7 20. Qh7 Na4 21. f5 exf5 22. Bd1 Nxc3 23. bxc3 Qxc3 24. Rd3 Qxd3 0-1

[Event "France-ch U18"]
[Site "Reims"]
[Date "2004.04.24"]
[Round "8"]
[White "Jessel, Stephen"]
[Black "Vernois, Adrien"]
[Result "1-0"]
[WhiteElo "2221"]
[BlackElo "2071"]
[PlyCount "73"]
[EventDate "2004.04.??"]
[EventType "swiss"]
[EventRounds "9"]
[EventCountry "FRA"]
[SourceTitle "EXT 2005"]
[Source "ChessBase"]
[SourceDate "2004.11.15"]
[SourceVersion "1"]
[SourceVersionDate "2004.11.15"]
[SourceQuality "1"]

1. e4 c5 2. Nf3 d6 3. d4 cxd4 4. Nxd4 Nf6 5. Nc3 a6 6. Be2 e6 7. 0-0 Be7 8. Be3 Qc7 9. f4 Nc6 10. Qe1 0-0 11. Qg3 Ne8 12. Kh1 Bf6 13. Nxc6 bxc6 14. e5 Be7 15. Ne4 d5 16. Nc5 Rb8 17. Bd3 g6 18. Qe1 h5 19. b4 Ng7 20. c3 a5 21. a3 Ra8 22. Qe2 Nf5 23. Bd4 Nxd4 24. cxd4 Bxc5 25. bxc5 Bd7 26. Rfb1 Rfb8 27. Qe1 Bc8 28. Kg1 Ba6 29. Bxa6 Rxa6 30. Rxb8+ Qxb8 31. Rb1 Qc7 32. Rb2 Kf8 33. Qb1 Ra7 34. Rb8+ Kg7 35. Qb6 Qd7 36. Rd8 Qe7 37. Qb8 1-0

[Event "France-ch U18"]
[Site "Reims"]
[Date "2004.04.23"]
[Round "7"]
[White "Vernois, Adrien"]
[Black "Houck, Gautier"]
[Result "1-0"]
[WhiteElo "2071"]
[BlackElo "2088"]
[PlyCount "35"]
[EventDate "2004.04.??"]
[EventType "swiss"]
[EventRounds "9"]
[EventCountry "FRA"]
[SourceTitle "EXT 2005"]
[Source "ChessBase"]
[SourceDate "2004.11.15"]
[SourceVersion "1"]
[SourceVersionDate "2004.11.15"]
[SourceQuality "1"]

1. d4 d5 2. c4 c6 3. Nf3 Nf6 4. Nc3 a6 5. a4 e6 6. e3 Bb4 7. Bd2 a5 8. Bd3 b6 9. cxd5 exd5 10. Ne5 Qd6 11. 0-0 Ba6 12. Ne2 Bxd3 13. Bxb4 axb4 14. Qxd3 0-0 15. Ng3 Nbd7 16. f4 Ra5 17. Nf5 Qc7 18. Nxc6 1-0

[Event "France-ch U18"]
[Site "Reims"]
[Date "2004.04.20"]
[Round "4"]
[White "Gregoire, Sylvain"]
[Black "Vernois, Adrien"]
[Result "1-0"]
[WhiteElo "2313"]
[BlackElo "2071"]
[PlyCount "49"]
[EventDate "2004.04.??"]
[EventType "swiss"]
[EventRounds "9"]
[EventCountry "FRA"]
[SourceTitle "EXT 2005"]
[Source "ChessBase"]
[SourceDate "2004.11.15"]
[SourceVersion "1"]
[SourceVersionDate "2004.11.15"]
[SourceQuality "1"]

1. d4 Nf6 2. c4 g6 3. Nc3 Bg7 4. e4 d6 5. f3 0-0 6. Bg5 c5 7. Nge2 cxd4 8. Nxd4 Nc6 9. Nc2 Be6 10. Qd2 Re8 11. Be2 Rc8 12. 0-0 Nd7 13. f4 Nc5 14. f5 Bxc3 15. bxc3 Nxe4 16. fxe6 f6 17. Qe3 Nxg5 18. h4 Qa5 19. hxg5 fxg5 20. Nb4 Ne5 21. Nd5 h6 22. Qe4 Kg7 23. Rab1 Qc5+ 24. Kh1 b6 25. Bd3 1-0

[Event "France-ch U18"]
[Site "Reims"]
[Date "2004.04.19"]
[Round "2"]
[White "Camus de Solliers, Guillaume"]
[Black "Vernois, Adrien"]
[Result "1-0"]
[WhiteElo "2246"]
[BlackElo "2071"]
[PlyCount "95"]
[EventDate "2004.04.??"]
[EventType "swiss"]
[EventRounds "9"]
[EventCountry "FRA"]
[SourceTitle "EXT 2005"]
[Source "ChessBase"]
[SourceDate "2004.11.15"]
[SourceVersion "1"]
[SourceVersionDate "2004.11.15"]
[SourceQuality "1"]

1. d4 Nf6 2. c4 g6 3. Nc3 Bg7 4. e4 d6 5. Bd3 0-0 6. Nge2 e5 7. d5 a5 8. 0-0 Nh5 9. Bc2 Na6 10. a3 f5 11. exf5 gxf5 12. Ng3 Nxg3 13. fxg3 Qe8 14. Kh1 Bd7 15. Rb1 Nc5 16. Be3 b6 17. b3 Qg6 18. b4 axb4 19. axb4 Ne4 20. Bxe4 fxe4 21. Qd2 h5 22. Ra1 Kh7 23. Kg1 Kg8 24. Rxf8+ Rxf8 25. Ra7 Qf6 26. Qe1 Bh6 27. Bxh6 Qxh6 28. Rxc7 Bf5 29. h3 e3 30. Nd1 e2 31. Qxe2 Qg6 32. Qe3 Bc2 33. Nf2 Bb1 34. Rb7 Ba2 35. Rxb6 Bxc4 36. Kh2 Bxd5 37. Qxe5 dxe5 38. Rxg6+ Kh7 39. Rd6 Ba8 40. Kg1 Rb8 41. Re6 Rb5 42. Nd3 e4 43. Nf4 Rxb4 44. Nxh5 Rb1+ 45. Kh2 Rf1 46. g4 Rf2 47. Kg3 e3 48. Nf4 1-0

[Event "Avoine op 16th"]
[Site "Avoine"]
[Date "2001.??.??"]
[Round "4"]
[White "Kessler, Stefan"]
[Black "Vernois, Adrien"]
[Result "1/2-1/2"]
[WhiteElo "2070"]
[BlackElo "1870"]
[PlyCount "42"]
[EventDate "2001.07.??"]
[EventType "swiss"]
[EventRounds "7"]
[EventCountry "FRA"]
[SourceTitle "EXT 2003"]
[Source "ChessBase"]
[SourceDate "2002.11.25"]
[SourceVersion "1"]
[SourceVersionDate "2002.11.25"]
[SourceQuality "1"]

1. c4 Nf6 2. Nc3 g6 3. e4 d6 4. d4 Bg7 5. f3 0-0 6. Be3 e5 7. d5 Nh5 8. Qd2 f5 9. Bd3 fxe4 10. Nxe4 Nf4 11. Bc2 Bf5 12. 0-0-0 Nd7 13. g3 Bxe4 14. Bxe4 Nh5 15. Nh3 Bf6 16. g4 Nf4 17. Nxf4 exf4 18. Bf2 Bh4 19. Bd4 Bf6 20. Bf2 Bh4 21. Bd4 Bf6 1/2-1/2